000 00606nam a2200217 i 4500
001 12649
003 ES-MaACL
005 20230906150351.0
007 t|
008 930119s1989 sp ||||0| spa d
016 7 _zSIC92021196
020 _a84-86879-15-9
040 _aSIC
_bspa
_cSIC
080 _a273.233
100 1 _aAceves, Octavio.
_918252
245 1 3 _aUn largo camino a Montsegur
_b: el secreto cátaro al descubierto /
_cOctavio Aceves.
260 _aMadrid :
_bKaydeda,
_cD.L. 1989.
300 _a358 p ;
_c24 cm.
650 4 _aCátaros.
_910841
852 _aES-MaACL
_jL-20021
_bR.117325
999 _c12649
_d12649